000 00587cam a2200205 4500
001 5055
005 20230410143536.0
008 060907s1997 sp spa
020 _a8408019759
035 _9funglode5098
041 _aeng
050 1 4 _aT 26
_bM234c 1997
100 1 _aMajó, Joan
245 1 0 _aChips, cables y poder :
_bla clase dominante en el siglo XXI /
_cJoan Majó
260 _aBarcelona :
_bPlaneta,
_c1997
300 _a236 p.
650 0 _aTechnology
_zEuropean Union countries.
650 4 _aTecnología
_zPaíses de la Unión Europea.
942 _2lcc
_cbk
999 _c103569
_d103569